| 000 | 00594nam a22001817a 4500 | ||
|---|---|---|---|
| 003 | LK-CoMWRAF | ||
| 005 | 20240624154400.0 | ||
| 008 | 240114b2010 |||||||| |||| 00| 0 eng d | ||
| 040 |
_aLK-CoMWRAF _dLK-CoMWRAF _eLK-CoMWRAF |
||
| 041 | _atam | ||
| 082 |
_a340.59 _bTHI |
||
| 245 | _aதிருமணம்- ஓர் ஆய்வியல் ஒப்புவிப்பு | ||
| 246 | _aThirumanam- oor aayviyal oppuvippu | ||
| 260 |
_aAddalaichenai: _bNational College of Education, _c2010 |
||
| 300 |
_ax., 174 p. _bBibliography included |
||
| 650 | _aMARRIAGE-Islamic law | ||
| 942 | _cBK | ||
| 999 |
_c4620 _d4620 |
||